000
00524nam a2200145Ia 4500
008
151213s9999 xx 000 0 und d
100
_a
দিলওয়ার হাসান।
245
_a
পদাহত পদাবলি।
_c
দিলওয়ার হাসান।
260
_a
ঢাকা
_b
আহমদ পাবলিকেশন্স হাউস।
_c
1984
300
_a
8808 p.
650
_a
Bangla
650
_a
কবিতা
700
_a
দিলওয়ার হাসান।
999
_c
4593
_d
4593